000 00847nam a22002297a 4500
003 OSt
005 20160927163212.0
008 160910b xxu||||| |||| 00| 0 eng d
020 _a978-0-07-337454-3
040 _aBMC
_cBMC
082 _a362.11
082 _a611.370
100 1 _939614
_aBooth, Kathryn A.‏
245 1 0 _aMedical assisting
_b: administrative and clinical procedures with anatomy and physiology
_cKathryn A. Booth...[et al.]
250 _a4ª ed
260 _aNew York
_bMcGraw-Hill
_c2011
300 _aXI, 1458 p.
_bil. col.
_c28 cm
_e+ 2 disco compacto
500 _aContiene CD´s: Administrative procedures con inventario: 1038312 y 1038303 Clinical procedures con inventario: 1038300 y 1038310
650 2 4 _94289
_aHospitales
_xAdministración
650 2 4 _97938
_aAnatomía humana
_xEnseñanza
942 _2ddc
_cBK
999 _c25815
_d25815